ბათუმის შოთა რუსთაველის სახელმწიფო უნივერსიტეტის ბიბლიოთეკა

სერაფიტი (ბიბ.ჩანაწერი № 50188)

000 -LEADER
fixed length control field 00636nam a2200229Ia 4500
001 - CONTROL NUMBER
control field 17126
003 - CONTROL NUMBER IDENTIFIER
control field GE_BSU
008 - FIXED-LENGTH DATA ELEMENTS--GENERAL INFORMATION
fixed length control field 181216s||||||||xx |||||||||||||| ||und||
040 ## - CATALOGING SOURCE
Transcribing agency GE_BSU
080 ## - UNIVERSAL DECIMAL CLASSIFICATION NUMBER
Universal Decimal Classification number 821.353.1-32
100 ## - MAIN ENTRY--PERSONAL NAME
Personal name გოთუა, ლ. (ლევან, 1905-1973)
245 ## - TITLE STATEMENT
Title სერაფიტი
245 ## - TITLE STATEMENT
Remainder of title მოთხრობა
245 ## - TITLE STATEMENT
Statement of responsibility, etc. რედ.ნ.ხომერიკი
260 ## - PUBLICATION, DISTRIBUTION, ETC.
Place of publication, distribution, etc. თბილისი
260 ## - PUBLICATION, DISTRIBUTION, ETC.
Name of publisher, distributor, etc. მერანი
260 ## - PUBLICATION, DISTRIBUTION, ETC.
Date of publication, distribution, etc. 1974
300 ## - PHYSICAL DESCRIPTION
Extent 131 გვ. ; 17 სმ
653 ## - INDEX TERM--UNCONTROLLED
Uncontrolled term მოთხრობა
653 ## - INDEX TERM--UNCONTROLLED
Uncontrolled term სერაფიტი
942 ## - ADDED ENTRY ELEMENTS (KOHA)
Koha item type წიგნი
ეგზემპლარები
Withdrawn status Lost status Damaged status Not for loan Date acquired Barcode Date last seen Price effective from Koha item type
        2018-12-17 21754 2018-12-17 2018-12-17 წიგნი
        2018-12-17 21755 2018-12-17 2018-12-17 წიგნი